| 000 | 01465nam a2200313 c 4500 | ||
|---|---|---|---|
| 003 | BLK | ||
| 005 | 20180422094701.0 | ||
| 008 | 180413b bul|||||r ||||||| ||bul|| | ||
| 010 | _aKNG00017356000 | ||
| 040 | _aBLK | ||
| 041 |
_aBUL _cBUL |
||
| 080 |
_aСтатистиката като наука. Теория на статистиката _b311 _x(075.8) _z311(075.8) |
||
| 100 | 1 |
_aКостов, Стоян _eпърви автор _gИлиев, Стоян Костов _9256892 |
|
| 700 | 1 |
_aТодоров, Тодор _eсъавт. _9363416 |
|
| 139 |
_aКостов, Стоян и др. _bК 86 |
||
| 245 | 1 | 0 |
_aОбща теория на статистиката _bУчебник за студентите от Стоп. акад. Д. А. Ценов - Свищов _cСтоян Костов; съавт. Тодор Тодоров. |
| 257 | _aBGR | ||
| 260 |
_аСвищов _bАкад. изд. Д. А. Ценов _c1996 |
||
| 300 |
_a376 с. _bс табл., сх. _c24 см |
||
| 380 | _a3 | ||
| 500 | _aДеп. списък: 20 Изд. на Стоп. акад. Д. А. Ценов - Свищов. Кат. Математика и статистика ; 3 000 тир | ||
| 650 | 4 |
_aСтатистика - теория - учебници за ВУЗ _9244929 |
|
| 653 | _aстатистика | ||
| 852 | _aЦб 192320 | ||
| 856 | 4 |
_qpdf _u |
|
| 856 | 4 |
_qpdf _u |
|
| 942 |
_cKNG _n0 |
||
| 944 |
_aCR _c15.01.2003 _kКети_Илиева |
||
| 944 |
_aED _c21.08.2015 _kТеодора_Стоянова |
||
| 999 |
_c15565 _d15565 |
||